000 01718nam0a2200349 4500
001 RU\NLR\BIBL_A\016226259
005 20230110084719.0
010 _a978-5-4217-0625-0
_9100
021 _aRU
_bКН-П-22-078790
_9КН-П-22-6895
035 _a(NLR Aleph) 016226259
035 _a(RuMoRGB)011354806
090 _a12753536
_c12753536
100 _a20221202d2022 u y0rusy50 ca
101 0 _arus
102 _aRU
105 _aac z 000gy
181 0 _ai3
_baxxe
182 0 _an
200 1 _aРассвет
_eбылинки, были
_fЛидия Подкорытова
203 _aТекст
_bвизуальный
_cнепосредственный
210 _aКурган
_cБИЦ Курганского государственного университета
_d2022
215 _a138 с.
_cил., цв. ил., портр.
_d15
320 _aДр. кн. авт. на обороте тит. с.
330 _aКнига продолжает серию ранее выпущенных сборников "Были" (2003 и 2006 годы), "Дали" (2007), "Былинки" (2008), "Свечение" (2009), "Восход" (2010), "Взлёт" (2011), "Завет" (2012), "Звоны" (2013), " (2013), "Берега" (2014), "Дороги" (2015), "Мой край" (2015), "Отсвет" (2016), "Зов" (2017), "Дар" (2018), "В пути" (2019), "На ветрах" (2020), "В потоках" (2021)
675 _a821.161.1-1
_v4
686 2 _aШ6(2=Р)8-5
700 1 _aПодкорытова
_bЛ. Г.
_f1939-
_gЛидия Георгиевна
942 _cBOOK
980 _aNB